000
00282nam a2200121Ia 4500
005
20251222142020.0
008
251222s9999||||xx |||||||||||||| ||spa||
082
_a
158.24/S79
100
_a
Stevens, John O.
245
0
_a
El Darse Cuenta:
264
_b
Cuatro Vientos
942
_c
LIB
999
_c
10632
_d
10632